La tonadilla escenica. tomo 1 /
Guardado en:
| Autor Principal: | |
|---|---|
| Formato: | Libro |
| Publicado: |
Madrid :
Tipografia De Archivos,
1928
|
| Materias: | |
| Etiquetas: |
Agregar Etiqueta
Sin Etiquetas, Sea el primero en etiquetar este registro!
|
| LEADER | 00452nam a22001455a 4500 | ||
|---|---|---|---|
| 001 | EHU.bham008207 | ||
| 003 | AR-BHAM | ||
| 005 | 20100106140323.0 | ||
| 008 | 130507s1928##################000#0#####d | ||
| 082 | 8 | 6 | |a 862.4 |
| 100 | 1 | |a Subira, Jose | |
| 245 | 1 | 0 | |a La tonadilla escenica. tomo 1 / |c Jose Subira. |
| 260 | |a Madrid : |b Tipografia De Archivos, |c 1928 | ||
| 653 | |a Teatro espaÑol-1701-1800 | ||
| 859 | |a AR-BHAM |b BIB. HUMANIDADES - General |h 862.4 |i SU15 |p 1305.62 |t Ej.1 |v I |3 I | ||
